| 000 | 01003nas a2200337 4500 | ||
|---|---|---|---|
| 001 | BR2014007425 | ||
| 003 | BR-BrBNA | ||
| 005 | 20231205124736.0 | ||
| 007 | ta | ||
| 008 | 230509b bl.|||p| |||| 00| 00por d | ||
| 040 |
_aBR-BrBNA _bpor _cBiblioteca Nacional de Agricultura |
||
| 041 | _a(Pt) | ||
| 072 | _aP10 | ||
| 100 | 1 | _aMalheiros, P. da S. | |
| 100 | 1 | _aSchafer, D.F. | |
| 100 | 1 | _aHerbert, I.M. | |
| 100 | 1 | _aCapuani, S.M. | |
| 100 | 1 | _aSilva, E.M. da | |
| 100 | 1 | _aSardiglia, C.U. | |
| 100 | 1 | _aScapin, D. | |
| 100 | 1 | _aRossi, E.M. | |
| 100 | 1 | _aBrandelli, A. | |
| 245 | 1 | _aContaminação bacteriológica de águas subterrâneas da região oeste de Santa Catarina, Brasil | |
| 650 | _aÁGUA | ||
| 650 | _aMICROBIOLOGIA | ||
| 650 | _aCOLIFORME | ||
| 650 | _aSANTA CATARINA | ||
| 773 | 0 |
_tRevista do Instituto Adolfo Lutz (Brazil) _xISSN 0073-9855 _g(May-Aug 2009), v. 68(2) p. 305-308 _wBR2014007425 |
|
| 909 |
_a202311 _bLúcia _c55 _dLúcia Elande |
||
| 942 |
_2AGRIS _n0 _cANA |
||
| 999 |
_c240662 _d240662 |
||